| 000 | 00937cab a2200289 4500 | ||
|---|---|---|---|
| 001 | ABS51267 | ||
| 008 | 090401t1994 xxu||||| |||| 00| 0 eng d | ||
| 035 | _a(Sirsi) u18412 | ||
| 041 | _aeng | ||
| 100 | _aMollart, R. | ||
| 245 | _aSoftware review: using @RISK for risk analysis | ||
| 260 | _c1994 | ||
| 350 | _a0 | ||
| 490 |
_aJournal of Property Valuation and Investment _v12(3) 1994, 89-96(8) |
||
| 520 | _aDescribes the use of a spreadsheet add-in called @RISK which enables various types of probabilistic modelling or simulation to be carried out. | ||
| 650 | _aDEVELOPMENT APPRAISAL | ||
| 650 | _aPROBABILISTIC MODELLING | ||
| 650 | _aRISK ANALYSIS | ||
| 650 | _aSENSITIVITY ANALYSIS | ||
| 650 | _aSIMULATION | ||
| 650 | _aSOFTWARE PACKAGES | ||
| 650 | _aSPREADSHEETS | ||
| 650 | _aVIABILITY ANALYSIS | ||
| 690 | _aMANAGEMENT-BUSINESS MANAGEMENT-INFORMATION MANAGEMENT | ||
| 942 | _n0 | ||
| 948 | _c04/03/1997 | ||
| 999 |
_c12234 _d12234 |
||